000
00354nam a2200145Ia 4500
008
231129s1992||||xx |||||||||||||| ||spa||
020
_a
958-9043-84-4
040
_b
spa
082
_a
Co863.4 G633l
100
_a
Levy L. Kurt
245
0
_a
Efe Gomez
260
_c
1992
264
_a
Procultura
942
_2
ddc
_c
BKS
999
_c
10032
_d
10032